00775 2200277 4500001002100000005001700021008004100038020001800079035002400097040001200121082001000133090001900143100001800162245009500180260004200275300002400317440001900341650002100360700002300381850001200404990001500416990001500431990001500446990001800461990001800479YOGYA-0209000007314720090227093712.0 ind  a979-22-0043-6 0010-020900000073147 aYOPDYOG a664.6 aT 664.6bSan M aSUNARDI, Tuti aMakanan sehat penggugah selera makanan balitacTuti soenardi: Penyunting Intarina Hardiman aJakartabGramedia Pustaka Utamac2002 a67 hlmbilusc24 cm aSeri menu anak aMakanan - Balita aHardiman, Intarina aYOPDYOG a08B0044257 a08B0044258 a08B0044259 a44259-PD/B.08 a44258-PD/B.08